1266 1843 1855 1309 1916 1355 1113 1614 1083 1674 1017 1053 1134 1045 1338 1814 1951 1652 1836 1957 1280 1662 1578 1488 1906 1184 1112 1364 1548 1069 1286 1490 1540 1041 1103 1126 1309 1777 1063 1548 1427 1892 1970 1787 1666 1403 1740 1189 1035 1655 1227 1522 1570 1423 1565 1602 1704 1532 1751 1190 1174 1369 1487 1193 1788 1661 1630 1552 1482 1834 1948 1039 1930 1324 1890 1096 1109 1978 1023 1117 1020 1828 1962 1851 1356 1491 1119 1954 1100 1730 1794 1053 1291 1498 1203 1127 1394 1874 1335 BCNSPRNW ULIB Ver.6.0+V

เปลี่ยนเป็นภาษาไทย

Change to English
 แสดงรายละเอียดบรรณานุกรม
  กลับหน้าหลัก

Brief Record : Get Marc (ISO 2709) : E-mail record : QR code < ปิดหน้าต่าง
LEADER : 00000nam 2200000uu 4500
001    13399107696
003     ULIB
008    110124s2552||||th 000 0 tha d
020    9746577123
060 04 WY20.5^bว523ก 2552
100 0  วิจิตร ศรีสุพรรณ
245 10 การวิจัยทางการพยาบาล :^bหลักการและแนวปฏิบัติ /^cวิจิตรศรีสุพรรณ
250    พิมพ์ครั้งที่ 4
260    เชียงใหม่ :^bโครงการตำรา คณะพยาบาลศาสตร์มหาวิทยาลัยเชียงใหม่,^c2552
300    171 หน้า ;^c27 ซม.
650  7 การพยาบาล^xวิจัย
650  7 พยาบาล^xวิจัย
710 2  มหาวิทยาลัยเชียงใหม่. ^bคณะพยาบาลศาสตร์. ^bโครงการตำรา
945    ^p210^l0^i018706
945    ^p210^l0^i018704
945    ^p210^l0^i017548
945    ^p210^l0^i018703
945    ^p210^l0^i018705
945    ^p210^l0^i029416
945    ^p210^l0^i029417
945    ^p210^l0^i029418
995    เกษร
999 ^a ใช้งานได้ทุกระบบ
รายการนี้ยังไม่มีแท็ก
คุณยังไม่ได้ล็อกอิน คุณสามารถมีกิจกรรมร่วมกับเว็บไซต์ได้ แต่ต้องล็อกอินก่อน ::
  ล็อกอิน

รายการสื่อสารสนเทศ

ลำดับที่ ประเภท เลขเรียก/บาร์โค้ด สถานที่ สถานะ
1. วิทยาศาสตร์การแพทย์ และสุขภาพ
วิทยาศาสตร์การแพทย์ และสุขภาพ
สถานะ=หนังสือเก่า
WY20.5 ว523ก 2552 ฉ.3 
  Barcode: 018704
ห้องสมุดวิทยาเขตสวรรค์ประชารักษ์
►ส่วนจัดเก็บหนังสือเก่า สปร
บนชั้น
  ขอยืม

รายการใกล้เคียง
    ผู้แต่ง [วิจิตร ศรีสุพรรณ]

BibComment


ยังไม่เคยถูกคอมเมนท์

คอมเมนท์ทรัพยากรรายการนี้
  คอมเมนท์: การวิจัยทางการพยา..


 Copyright 2026. Bcnsprnw @Library